[Event "DVM U20 2013"]
[Site "Osnabrück GER"]
[Date "2013.12.28"]
[Round "4"]
[White "Thren, Christian"]
[Black "Petersen, Finn Christopher"]
[Result "0-1"]
[Termination "normal"]
[Board "7.6"]
[WhiteElo "1543"]
[BlackElo "1612"]
[WhiteTeam "Heilbronner SV"]
[BlackTeam "SK Doppelbauer Kiel"]
[WhiteFideId "12964344"]
[BlackFideId "12964840"]
[EventCountry "GER"]
[EventRounds "7"]
[EventType "team-swiss"]
[EventDate "2013.12.26"]

1. c4 Nf6 2. d4 g6 3. Nc3 Bg7 4. e4 d6 5. Nf3 O-O 6. Bd3 Nc6 7. Be3 e5 8. d5
Ne7 9. b4 Nh5 10. Nd2 f5 11. f3 Nf4 12. Bxf4 exf4 13. Rc1 Bd4 14. Qc2 Re8 15.
Kf1 c6 16. Nb3 Be3 17. Re1 cxd5 18. Nxd5 Nxd5 19. cxd5 Qh4 20. Re2 Bd7 21. exf5
Rac8 22. Qb1 Ba4 23. Qe1 Qg5 24. h4 Qd8 25. Qb1 Bxb3 26. Qxb3 Qb6 27. Bc2 Qd4
28. fxg6 Bd2 29. gxh7+ Kh8 30. Bd1 Rxe2 31. Bxe2 Rc1+ 32. Bd1 Qe5 33. Kg1 Qe1+
34. Kh2 Qg3+ 0-1

[Event "DVM U20 2013"]
[Site "Osnabrück GER"]
[Date "2013.12.28"]
[Round "4"]
[White "Pfatteicher, Lukas"]
[Black "Schröder, Kevin"]
[Result "0-1"]
[Termination "normal"]
[Board "8.1"]
[WhiteElo "2001"]
[BlackElo "2129"]
[WhiteTeam "Karlsruher SF 1853"]
[BlackTeam "LSV Turm Lippstadt"]
[WhiteFideId "12968919"]
[BlackFideId "12929840"]
[EventCountry "GER"]
[EventRounds "7"]
[EventType "team-swiss"]
[EventDate "2013.12.26"]

1. c4 c5 2. Nc3 g6 3. g3 Bg7 4. Bg2 Nc6 5. e3 e5 6. Nge2 Nge7 7. O-O d6 8. d3
O-O 9. b3 Be6 10. Nd5 e4 11. d4 Nxd5 12. cxd5 Bxd5 13. Nf4 Be6 14. Ba3 cxd4 15.
exd4 Nxd4 16. Bxe4 Nb5 17. Bb4 a5 18. Bd2 Bxa1 19. Qxa1 a4 20. Nd5 f6 21. b4
Rc8 22. Bh6 Rf7 23. Nf4 Bc4 24. Rd1 Qe8 25. Re1 Qe5 26. Bxg6 Qxa1 27. Bxf7+
Kxf7 28. Rxa1 Nd4 29. g4 Rg8 30. h3 Nf5 31. Rd1 Nxh6 32. Rxd6 Nxg4 33. Rd7+ Ke8
34. Rxb7 Ne5+ 35. Kh1 Bxa2 36. Rb8+ Kd7 37. Rb5 Rg5 38. h4 Rg4 39. Ng2 Kc6 40.
Rc5+ Kb6 0-1

[Event "DVM U20 2013"]
[Site "Osnabrück GER"]
[Date "2013.12.28"]
[Round "4"]
[White "Tran, Duc Cuong"]
[Black "Bykov, Ilya"]
[Result "1/2-1/2"]
[Termination "normal"]
[Board "8.2"]
[WhiteElo "2086"]
[BlackElo "1697"]
[WhiteTeam "LSV Turm Lippstadt"]
[BlackTeam "Karlsruher SF 1853"]
[WhiteFideId "24689718"]
[BlackFideId "12918059"]
[EventCountry "GER"]
[EventRounds "7"]
[EventType "team-swiss"]
[EventDate "2013.12.26"]

1. d4 Nf6 2. c4 g6 3. Nc3 Bg7 4. e4 d6 5. h3 O-O 6. Be3 e5 7. d5 Ne8 8. g4 f5
9. gxf5 gxf5 10. exf5 Bxf5 11. Bd3 Qf6 12. Nge2 Na6 13. Ng3 Bxd3 14. Qxd3 Nc5
15. Qe2 Qg6 16. O-O-O Kh8 17. h4 Bh6 18. Rhg1 Bxe3+ 19. fxe3 Qh6 20. h5 Ng7 21.
Rgf1 a5 22. Kb1 Rf6 23. Rxf6 Qxf6 24. Qg4 Rg8 25. Rf1 Qe7 26. Qf3 Qg5 27. a3
Qh4 28. e4 Nb3 29. Rd1 Nd4 30. Qe3 Nxh5 31. Nxh5 Qxh5 32. Rf1 Rg2 33. Rf8+ Kg7
34. Rc8 Qh1+ 35. Ka2 Rg1 36. Rxc7+ Kg6 37. Nb1 Rxb1 38. Qg3+ Kh6 39. Qe3+ Kg6
40. Qg3+ Kh6 1/2-1/2

[Event "DVM U20 2013"]
[Site "Osnabrück GER"]
[Date "2013.12.28"]
[Round "4"]
[White "Ospina Ocampo, Camilo"]
[Black "Kuckling, Jonas"]
[Result "1-0"]
[Termination "normal"]
[Board "8.3"]
[WhiteElo "1855"]
[BlackElo "1625"]
[WhiteTeam "Karlsruher SF 1853"]
[BlackTeam "LSV Turm Lippstadt"]
[WhiteFideId "12907030"]
[BlackFideId "24603856"]
[EventCountry "GER"]
[EventRounds "7"]
[EventType "team-swiss"]
[EventDate "2013.12.26"]

1. e4 c5 2. Nf3 e6 3. Nc3 a6 4. g3 Qc7 5. Bg2 b5 6. d4 cxd4 7. Nxd4 Bb7 8. O-O
Nf6 9. Re1 d6 10. Bg5 Be7 11. Bxf6 Bxf6 12. Ndxb5 axb5 13. Nxb5 Qb6 14. Nxd6+
Ke7 15. Nxb7 Bxb2 16. Rb1 Rxa2 17. e5 Qd4 18. Qf3 Qc3 19. Qg4 Rg8 20. Qg5+ f6
21. exf6+ Qxf6 22. Qc5+ Kf7 23. Nd6+ Kg6 24. Be4+ Kh6 25. g4 g6 26. Re3 Rf8 27.
Rh3+ Kg7 28. Qc7+ Rf7 29. Nxf7 Bd4 30. Ne5+ Kg8 31. Rxb8+ 1-0

[Event "DVM U20 2013"]
[Site "Osnabrück GER"]
[Date "2013.12.28"]
[Round "4"]
[White "Kuckling, Linus"]
[Black "Joeres, Stefan"]
[Result "1-0"]
[Termination "normal"]
[Board "8.4"]
[WhiteElo "1672"]
[BlackElo "1477"]
[WhiteTeam "LSV Turm Lippstadt"]
[BlackTeam "Karlsruher SF 1853"]
[WhiteFideId "24658243"]
[BlackFideId "12983160"]
[EventCountry "GER"]
[EventRounds "7"]
[EventType "team-swiss"]
[EventDate "2013.12.26"]

1. e4 e5 2. Nf3 Nc6 3. Bb5 g6 4. O-O Bg7 5. c3 Nf6 6. Re1 O-O 7. d3 d6 8. h3
Bd7 9. Be3 Re8 10. Nbd2 d5 11. Bg5 Na5 12. Bxd7 Qxd7 13. exd5 Nxd5 14. Ne4 f6
15. Bh4 f5 16. Nc5 Qb5 17. Nb3 Nf4 18. Nxa5 Qxa5 19. Bg3 Nd5 20. Bxe5 Bxe5 21.
Nxe5 Nxc3 22. bxc3 Rxe5 23. Qb3+ Kg7 24. Qxb7 Qxc3 25. Rec1 1-0

[Event "DVM U20 2013"]
[Site "Osnabrück GER"]
[Date "2013.12.28"]
[Round "4"]
[White "Joeres, Roman"]
[Black "Scheer, Maximilian"]
[Result "1/2-1/2"]
[Termination "normal"]
[Board "8.5"]
[WhiteElo "1500"]
[BlackElo "1752"]
[WhiteTeam "Karlsruher SF 1853"]
[BlackTeam "LSV Turm Lippstadt"]
[WhiteFideId "12964816"]
[BlackFideId "12927732"]
[EventCountry "GER"]
[EventRounds "7"]
[EventType "team-swiss"]
[EventDate "2013.12.26"]

1. d4 d5 2. c4 e6 3. Nf3 Nf6 4. g3 Be7 5. Bg2 O-O 6. O-O Nbd7 7. Nc3 Re8 8. Bf4
c6 9. c5 Nf8 10. Ne5 Ng6 11. Nxg6 hxg6 12. h4 Nh5 13. Bd2 e5 14. Be3 e4 15. Qd2
Bd7 16. Kh2 Qc7 17. Bg5 f6 18. Bf4 Nxf4 19. Qxf4 Qxf4 20. gxf4 Kf7 21. Kg3 Rh8
22. Rh1 Rh7 23. Rh2 Rah8 24. Rah1 Bd8 25. e3 Bc7 26. b4 g5 27. hxg5 Rxh2 28.
g6+ Kxg6 29. Rxh2 Rxh2 30. Kxh2 Kh5 31. Bh3 Bg4 32. Bxg4+ Kxg4 33. Kg2 g5 34.
fxg5 fxg5 1/2-1/2

[Event "DVM U20 2013"]
[Site "Osnabrück GER"]
[Date "2013.12.28"]
[Round "4"]
[White "Valledor Pereira, Dominik Damian"]
[Black "Ospina Ocampo, Antonio"]
[Result "1-0"]
[Termination "normal"]
[Board "8.6"]
[WhiteElo "1571"]
[BlackElo "1320"]
[WhiteTeam "LSV Turm Lippstadt"]
[BlackTeam "Karlsruher SF 1853"]
[WhiteFideId "1271860"]
[BlackFideId "12946362"]
[EventCountry "GER"]
[EventRounds "7"]
[EventType "team-swiss"]
[EventDate "2013.12.26"]

1. e4 e5 2. Nf3 Nc6 3. Bb5 a6 4. Ba4 Nf6 5. O-O Be7 6. d3 d6 7. h3 b5 8. Bb3
O-O 9. Be3 Bb7 10. Re1 Na5 11. Nbd2 Nxb3 12. axb3 c5 13. Nf1 Qc7 14. Ng3 Rfe8
15. Qd2 d5 16. exd5 Nxd5 17. Bg5 Bxg5 18. Qxg5 f6 19. Qg4 Nf4 20. Ne4 Ng6 21.
Nh4 Bxe4 22. Qxe4 Nxh4 23. Qxh4 Rad8 24. Rxa6 Qb7 25. Rea1 Ra8 26. Rxa8 Rxa8
27. Rxa8+ Qxa8 28. Qe4 Qa1+ 29. Kh2 Qc1 30. Qd5+ Kf8 31. Qxc5+ Kf7 32. g3 Qxb2
33. Qxb5 Kg6 34. Qc5 Qc1 35. b4 Qe1 36. b5 e4 37. dxe4 Qxe4 38. b6 Qf3 39. Qd4
Qc6 40. c4 Qa4 41. b7 Qb4 42. Qg4+ Kh6 43. Qf4+ g5 44. Qxf6+ Kh5 45. g4+ Kh4
46. Qh6# 1-0

[Event "DVM U20 2013"]
[Site "Osnabrück GER"]
[Date "2013.12.29"]
[Round "5"]
[White "Kieslich, Aaron"]
[Black "Zimmermann, Ulrich"]
[Result "0-1"]
[Termination "normal"]
[Board "1.1"]
[WhiteElo "2021"]
[BlackElo "2267"]
[WhiteTeam "TuS Coswig 1920"]
[BlackTeam "SK Bebenhausen 1992"]
[WhiteFideId "1270391"]
[BlackFideId "24654523"]
[EventCountry "GER"]
[EventRounds "7"]
[EventType "team-swiss"]
[EventDate "2013.12.26"]

1. d4 d5 2. c4 dxc4 3. Nf3 Nf6 4. e3 b5 5. a4 b4 6. Bxc4 e6 7. O-O Be7 8. Nbd2
Bb7 9. Qe2 O-O 10. e4 c5 11. dxc5 Nfd7 12. Nb3 Nxc5 13. Nxc5 Bxc5 14. Bf4 Nc6
15. Rfd1 Qb6 16. Rd7 Bc8 17. Rdd1 Na5 18. Rd2 Nxc4 19. Qxc4 Ba6 20. Qb3 Rad8
21. Rad1 Rxd2 22. Rxd2 Qc6 23. e5 Bc4 24. Qd1 b3 25. a5 Bd5 26. Be3 Bxe3 27.
fxe3 Qc5 28. Nd4 Qxa5 29. Rd3 Rb8 30. Kf2 h6 31. Kg3 Qc7 32. Nf3 Bxf3 33. Kxf3
Qxe5 34. Rxb3 Qh5+ 35. g4 Qh3+ 36. Kf2 Qxh2+ 37. Kf3 Qh3+ 38. Kf2 Qh4+ 39. Kf3
Rd8 40. Rd3 Qh3+ 41. Kf2 Rxd3 42. Qxd3 Qxg4 43. Qd8+ Kh7 44. Qd7 Qf5+ 45. Kg3
a5 46. Qa4 h5 47. Qa3 Qg4+ 0-1

[Event "DVM U20 2013"]
[Site "Osnabrück GER"]
[Date "2013.12.29"]
[Round "5"]
[White "Braun, Georg"]
[Black "Linnemann, Niklas"]
[Result "1-0"]
[Termination "normal"]
[Board "1.2"]
[WhiteElo "2197"]
[BlackElo "1972"]
[WhiteTeam "SK Bebenhausen 1992"]
[BlackTeam "TuS Coswig 1920"]
[WhiteFideId "24629383"]
[BlackFideId "24695645"]
[EventCountry "GER"]
[EventRounds "7"]
[EventType "team-swiss"]
[EventDate "2013.12.26"]

1. e4 c5 2. Nf3 e6 3. d4 cxd4 4. Nxd4 Nc6 5. Nc3 a6 6. Nxc6 bxc6 7. Bd3 d5 8.
O-O Qc7 9. Qe2 Nf6 10. b3 Be7 11. Bb2 Bb7 12. Kh1 h5 13. e5 Ng4 14. Rae1 g6 15.
Na4 c5 16. c4 d4 17. Bc1 Bf6 18. f4 Bh4 19. Rd1 Qc6 20. Bd2 Nh6 21. Nb2 Nf5 22.
a3 Be7 23. Rde1 Qb6 24. Rb1 h4 25. Be4 h3 26. g3 Ne3 27. Bxb7 Qxb7+ 28. Qf3 Rb8
29. Bxe3 dxe3 30. Nd3 Kd7 31. Qxb7+ Rxb7 32. Rfe1 Kc6 33. Rxe3 a5 34. a4 g5 35.
Kg1 g4 36. Kf1 Rf8 37. Ke2 Rg8 38. Nf2 Rd7 39. Rd1 Rxd1 40. Kxd1 Kd7 41. Ne4
Kc6 42. Kc2 Rg6 43. Kc3 Rg8 44. Kd2 Rg6 45. Rd3 Kc7 46. Ke3 f5 47. exf6 1-0

[Event "DVM U20 2013"]
[Site "Osnabrück GER"]
[Date "2013.12.29"]
[Round "5"]
[White "Müller, Richard"]
[Black "Gibicar, Danijel"]
[Result "1/2-1/2"]
[Termination "normal"]
[Board "1.3"]
[WhiteElo "2122"]
[BlackElo "2145"]
[WhiteTeam "TuS Coswig 1920"]
[BlackTeam "SK Bebenhausen 1992"]
[WhiteFideId "24647128"]
[BlackFideId "24660256"]
[EventCountry "GER"]
[EventRounds "7"]
[EventType "team-swiss"]
[EventDate "2013.12.26"]

1. d4 Nf6 2. Nf3 g6 3. c4 c5 4. Nc3 cxd4 5. Nxd4 Bg7 6. e4 Nc6 7. Be3 Ng4 8.
Qxg4 Nxd4 9. Qd1 Ne6 10. Qd2 Qa5 11. Rc1 b6 12. Qd5 Qxd5 13. cxd5 Nc5 14. f3 a5
15. Nb5 O-O 16. b3 d6 17. Bg5 f6 18. Bh4 Bd7 19. Bc4 Rfc8 20. O-O Bh6 21. Rce1
a4 22. Nd4 b5 23. Nxb5 axb3 24. axb3 Nxb3 25. Nxd6 Rcb8 26. Nf5 gxf5 27. d6+ e6
28. exf5 Nd2 29. fxe6 Nxc4 30. exd7 Bg7 31. Re6 Rf8 32. Rc1 Nb6 33. Rc7 Rad8
34. Re7 Nd5 35. Rc5 Nb6 36. Rc7 Nd5 37. Rc5 Nb6 38. Rc7 Nd5 39. Rc5 1/2-1/2

[Event "DVM U20 2013"]
[Site "Osnabrück GER"]
[Date "2013.12.29"]
[Round "5"]
[White "Kaulich, Philipp Theodor"]
[Black "Pönisch, Johannes"]
[Result "1/2-1/2"]
[Termination "normal"]
[Board "1.4"]
[WhiteElo "2101"]
[BlackElo "1987"]
[WhiteTeam "SK Bebenhausen 1992"]
[BlackTeam "TuS Coswig 1920"]
[WhiteFideId "4641582"]
[BlackFideId "24603201"]
[EventCountry "GER"]
[EventRounds "7"]
[EventType "team-swiss"]
[EventDate "2013.12.26"]

1. e4 c5 2. Nf3 e6 3. c3 d5 4. exd5 Qxd5 5. d4 Nf6 6. Bd3 cxd4 7. cxd4 Bb4+ 8.
Nc3 Qa5 9. Bd2 O-O 10. O-O b6 11. Re1 Nbd7 12. Ne5 Bxc3 13. bxc3 Qd5 14. Bc4
Qd6 15. Qf3 Nd5 16. Bd3 Rb8 17. Bh6 Nxe5 18. dxe5 Qc7 19. c4 Ne7 20. Qg3 Ng6
21. Bg5 f5 22. exf6 Qxg3 23. hxg3 gxf6 24. Be3 Ne5 25. Be2 Ba6 26. Bf4 Rbc8 27.
Bxe5 fxe5 28. Rac1 Rc5 29. Bg4 Kf7 30. Rcd1 Ke7 31. Be2 Bxc4 32. Bxc4 Rxc4 33.
Rd2 Rc5 34. Red1 Rc7 35. Re1 Rc5 36. Re4 Ra5 37. f3 Rf7 38. Kf2 Kf6 39. Rh4 Kg7
40. Re4 Rc7 41. Rg4+ Kf7 42. Rh4 Kg7 43. Rg4+ Kf7 44. Rh4 Kg7 1/2-1/2

[Event "DVM U20 2013"]
[Site "Osnabrück GER"]
[Date "2013.12.29"]
[Round "5"]
[White "von Koslowski, Utz"]
[Black "Faerber, Eric"]
[Result "0-1"]
[Termination "normal"]
[Board "1.5"]
[WhiteElo "1764"]
[BlackElo "2089"]
[WhiteTeam "TuS Coswig 1920"]
[BlackTeam "SK Bebenhausen 1992"]
[WhiteFideId "12964247"]
[BlackFideId "24657611"]
[EventCountry "GER"]
[EventRounds "7"]
[EventType "team-swiss"]
[EventDate "2013.12.26"]

1. Nf3 Nf6 2. c4 g6 3. d4 Bg7 4. Nc3 O-O 5. g3 d6 6. Bg2 Nbd7 7. O-O e5 8. e3
c6 9. Qc2 Qc7 10. b3 Re8 11. Bb2 Nf8 12. dxe5 dxe5 13. Rad1 Bf5 14. e4 Bg4 15.
h3 Bxf3 16. Bxf3 Ne6 17. Ne2 a5 18. Bg2 Nc5 19. Ba3 Bf8 20. Bxc5 Bxc5 21. Rd3
Kg7 22. Rfd1 Qb6 23. Nc3 Bd4 24. Rf3 Re6 25. Bf1 Qb4 26. Nb1 Rd6 27. Bd3 Nd7
28. Kg2 Nc5 29. Qe2 Ne6 30. Bc2 Rad8 31. Rfd3 Qb6 32. Qe1 Nc5 33. Rf3 Ne6 34.
Rfd3 Qc5 35. Rf3 b5 36. Qxa5 Ng5 37. Rfd3 Nxe4 38. f3 Nf2 39. b4 Qxc4 40. Bb3
Qxd3 41. Rxd3 Nxd3 42. Nd2 R6d7 43. a3 Nc1 44. Bc2 f5 45. Nb3 Nxb3 46. Bxb3 e4
47. fxe4 fxe4 48. Qa6 e3 49. Bd1 Rf7 50. Bf3 Rdf8 51. Qxc6 Rxf3 52. Qd7+ Kh6
53. h4 e2 54. Qe7 Be3 0-1

[Event "DVM U20 2013"]
[Site "Osnabrück GER"]
[Date "2013.12.29"]
[Round "5"]
[White "Lebeda, Timo"]
[Black "Merker, Konstantin"]
[Result "1-0"]
[Termination "normal"]
[Board "1.6"]
[WhiteElo "2095"]
[BlackElo "1727"]
[WhiteTeam "SK Bebenhausen 1992"]
[BlackTeam "TuS Coswig 1920"]
[WhiteFideId "4638565"]
[BlackFideId "12964239"]
[EventCountry "GER"]
[EventRounds "7"]
[EventType "team-swiss"]
[EventDate "2013.12.26"]

1. c4 c6 2. Nf3 Nf6 3. g3 d5 4. d4 Bg4 5. Bg2 e6 6. O-O Nbd7 7. Qb3 Qb6 8. c5
Qa6 9. Nc3 b6 10. cxb6 Qxb6 11. Bf4 c5 12. Nb5 Rc8 13. Rfc1 c4 14. Nd6+ Bxd6
15. Qxb6 axb6 16. Bxd6 Ne4 17. Bb4 b5 18. a4 bxa4 19. Rxa4 f5 20. Rca1 Bxf3 21.
Bxf3 Nef6 22. Ra7 Kf7 23. R1a6 Rhe8 24. e3 Rb8 25. Ba3 Kg6 26. Bxd5 exd5 27.
Rxd7 Ra8 28. Rda7 Rab8 29. Rd7 Ra8 30. Rdd6 Reb8 31. Kg2 Rxa6 32. Rxa6 Rb3 33.
Kf3 Rd3 34. Be7 Rb3 35. Bxf6 gxf6 36. Ra2 h5 37. h4 Rb6 38. Ke2 Kf7 39. Kd2 Rb3
40. Kc2 Rb6 41. Ra7+ Kg6 42. Rd7 Rb5 43. Rc7 Rb6 44. Rc5 Rd6 45. Kc3 f4 46.
gxf4 Kf5 47. f3 Ke6 48. e4 Rd7 49. Rxd5 Rxd5 50. exd5+ Kxd5 51. f5 1-0

[Event "DVM U20 2013"]
[Site "Osnabrück GER"]
[Date "2013.12.29"]
[Round "5"]
[White "Kugler, Florian"]
[Black "Günnigmann, Manuel"]
[Result "1-0"]
[Termination "normal"]
[Board "2.1"]
[WhiteElo "2202"]
[BlackElo "2166"]
[WhiteTeam "Hamburger SK"]
[BlackTeam "Stader SV"]
[WhiteFideId "4633300"]
[BlackFideId "24640360"]
[EventCountry "GER"]
[EventRounds "7"]
[EventType "team-swiss"]
[EventDate "2013.12.26"]

1. Nf3 Nf6 2. g3 g6 3. Bg2 Bg7 4. c4 c6 5. O-O O-O 6. Nc3 d5 7. cxd5 cxd5 8. d4
Ne4 9. Ne5 Nxc3 10. bxc3 e6 11. Ba3 Re8 12. e4 f6 13. Nd3 dxe4 14. Bxe4 Nc6 15.
Rb1 Qa5 16. Qb3 Bf8 17. Bxf8 Kxf8 18. Nc5 Re7 19. Rfe1 Qc7 20. Bg2 Na5 21. Qb4
Nc6 22. Qc4 Na5 23. Nxe6+ Bxe6 24. Qxc7 Rxc7 25. Rxe6 Rxc3 26. Rxf6+ Kg7 27.
Ra6 bxa6 28. Bxa8 Rd3 29. Rb4 Ra3 30. Bd5 Kf6 31. Rb8 Ra4 32. Rf8+ Ke7 33. Rh8
Rxd4 34. Rxh7+ Kf6 35. Bg8 Rd8 36. Rxa7 Rd6 37. f4 Kf5 38. Kf2 Rd2+ 39. Ke3
Rxh2 40. Rxa6 Nb7 41. Be6+ Kf6 42. Bc8+ 1-0

[Event "DVM U20 2013"]
[Site "Osnabrück GER"]
[Date "2013.12.29"]
[Round "5"]
[White "Carmesin, Matthias"]
[Black "Grünter, Martin"]
[Result "1/2-1/2"]
[Termination "normal"]
[Board "2.2"]
[WhiteElo "2044"]
[BlackElo "2232"]
[WhiteTeam "Stader SV"]
[BlackTeam "Hamburger SK"]
[WhiteFideId "4635965"]
[BlackFideId "24640352"]
[EventCountry "GER"]
[EventRounds "7"]
[EventType "team-swiss"]
[EventDate "2013.12.26"]

1. e4 c5 2. Nc3 Nc6 3. Nf3 e5 4. Bc4 Be7 5. d3 d6 6. Nd5 Nf6 7. c3 O-O 8. h3
Be6 9. a4 Qd7 10. Be3 Bd8 11. O-O h6 12. Nxf6+ Bxf6 13. Bxe6 Qxe6 14. Ra3 Rfd8
15. Qb3 Qxb3 16. Rxb3 Rab8 17. Ra3 Be7 18. c4 Rd7 19. Bd2 Bd8 20. a5 b5 21.
axb6 Rxb6 22. Bc3 Rdb7 23. Rfa1 Rb3 24. Rxb3 Rxb3 25. g3 a5 26. Kf1 Rb7 27. Ke2
Nd4+ 28. Bxd4 cxd4 29. Ra2 Bb6 30. b3 Kf8 31. Kd2 Bc5 32. Kc2 Bb4 33. Ng1 Ke7
34. Ne2 Ke6 35. f4 f6 36. g4 Ra7 37. Ra4 Rb7 38. f5+ Kf7 39. Nc1 Be1 40. Ne2
Rb8 41. Ra1 Bb4 42. h4 Ra8 43. Ng3 Bc3 44. Rb1 Rb8 45. Nh1 Ra8 46. Ng3 Rb8 47.
Ne2 Bb4 48. Ng1 Bc3 49. Nf3 Ra8 50. g5 hxg5 51. hxg5 Rh8 52. g6+ Ke7 53. Rf1
Kd7 54. Rf2 Rh1 55. Nh2 Ra1 56. Ng4 Ra2+ 57. Kd1 Rxf2 58. Nxf2 Bb4 59. Nh3 Ke7
60. Ng1 Kd7 61. Nf3 Ke7 62. Kc2 Ke8 63. Ng1 Ke7 64. Ne2 Ke8 65. Kb2 Ke7 66. Nc1
Ke8 67. Na2 Kd7 68. Nxb4 axb4 69. Ka1 1/2-1/2

[Event "DVM U20 2013"]
[Site "Osnabrück GER"]
[Date "2013.12.29"]
[Round "5"]
[White "Kramer, Julian"]
[Black "Vogt, Marc Jonas"]
[Result "1-0"]
[Termination "normal"]
[Board "2.3"]
[WhiteElo "2121"]
[BlackElo "1953"]
[WhiteTeam "Hamburger SK"]
[BlackTeam "Stader SV"]
[WhiteFideId "12921742"]
[BlackFideId "24695661"]
[EventCountry "GER"]
[EventRounds "7"]
[EventType "team-swiss"]
[EventDate "2013.12.26"]

1. e4 c5 2. Nf3 Nc6 3. d4 cxd4 4. Nxd4 e5 5. Nb5 d6 6. N1c3 a6 7. Na3 b5 8. Nd5
Rb8 9. Bd3 Nce7 10. c4 Nxd5 11. cxd5 Be7 12. O-O Nf6 13. Nc2 O-O 14. Qe2 Nd7
15. Nb4 Bb7 16. Be3 Bg5 17. Rac1 Bxe3 18. Qxe3 Nc5 19. Bb1 Rc8 20. Nd3 Nxd3 21.
Bxd3 Qd7 22. Qb6 g6 23. f3 Kg7 24. g3 h5 25. Rxc8 Rxc8 26. f4 exf4 27. Qd4+ Kg8
28. gxf4 Qg4+ 29. Kh1 h4 30. Qe3 h3 31. Qg3 Qxg3 32. hxg3 Rc5 33. Kh2 Bc8 34.
Re1 Kf8 35. Bf1 Bg4 36. Bd3 b4 37. Kg1 Bf3 38. Kf2 Bg2 39. g4 f5 40. gxf5 gxf5
41. Kg3 a5 42. e5 Rxd5 43. Bxf5 Rd2 44. e6 Ke7 45. Rc1 Kf6 46. Rc8 Kxf5 47. e7
Bc6 48. Rxc6 Re2 49. Rxd6 h2 50. Rd5+ Kf6 51. Rh5 Rxe7 52. Rxh2 Re1 53. b3 Re3+
54. Kg4 a4 55. bxa4 Ra3 56. Rh6+ Kg7 57. Rb6 Rxa4 58. Kg5 Rxa2 59. Rb7+ Kf8 60.
Rxb4 Kf7 61. Rb7+ Kf8 62. f5 Ra1 63. Kg6 Rf1 64. Kf6 Kg8 65. Rb8+ Kh7 66. Rf8
Ra1 67. Re8 Ra2 68. Kf7 Ra5 69. f6 Ra2 70. Re1 Ra8 71. Re7 Ra2 72. Rd7 Ra3 73.
Rd2 Ra7+ 74. Ke6 Ra6+ 75. Ke7 Ra7+ 76. Rd7 Ra2 77. f7 Re2+ 78. Kf8 Ra2 79. Ke8
Ra8+ 80. Rd8 1-0

[Event "DVM U20 2013"]
[Site "Osnabrück GER"]
[Date "2013.12.29"]
[Round "5"]
[White "Konow, Philipp"]
[Black "Riederer, Martin"]
[Result "1/2-1/2"]
[Termination "normal"]
[Board "2.4"]
[WhiteElo "1977"]
[BlackElo "2034"]
[WhiteTeam "Stader SV"]
[BlackTeam "Hamburger SK"]
[WhiteFideId "4635230"]
[BlackFideId "12903140"]
[EventCountry "GER"]
[EventRounds "7"]
[EventType "team-swiss"]
[EventDate "2013.12.26"]

1. d4 e6 2. Nf3 f5 3. g3 Nf6 4. Bg2 d5 5. c4 c6 6. O-O Bd6 7. Qc2 O-O 8. Nbd2
Nbd7 9. cxd5 cxd5 10. a4 Qe7 11. a5 Nb8 12. Nb3 Na6 13. Bf4 Bxf4 14. gxf4 Bd7
15. Rfc1 Rfc8 16. Qd2 Ne4 17. Qe1 Nd6 18. Ne5 Bb5 19. Nc5 Nc4 20. Ned3 Nd6 21.
Nxa6 Bxa6 22. Nc5 Bb5 23. Qb4 Bc6 24. a6 Kf7 25. e3 b6 26. Nd3 Kf8 27. Ne5 Be8
28. Bf3 Nf7 29. Nd3 Qxb4 30. Nxb4 Bb5 31. Bg2 Ke7 32. Bf1 Bd7 33. Bd3 Nd8 34.
Kf1 Kd6 35. Na2 Rxc1+ 36. Rxc1 Rc8 37. Nc3 Ke7 38. Ke2 Nf7 39. Kd2 Nd6 40. f3
Be8 41. Rg1 Kf6 42. b3 Bh5 43. Be2 Be8 44. Rc1 Kf7 45. Na2 Rxc1 46. Nxc1 Ke7
47. Kc3 Kd7 48. Kb4 Kc8 49. Na2 Bd7 50. Kc3 Kc7 51. Kb4 Bc6 52. Nc3 h6 53. h4
Bd7 54. Bd3 Bc6 55. Bc2 Kd7 56. Bd3 Kc7 57. Bc2 Be8 58. Bd1 Kd8 59. Be2 Ke7 60.
Bd3 Bc6 61. Be2 Ke8 62. Bd3 Kd7 63. Be2 Ne8 64. Bd3 Nc7 65. Be2 Ke7 66. Bd3 Bd7
1/2-1/2

[Event "DVM U20 2013"]
[Site "Osnabrück GER"]
[Date "2013.12.29"]
[Round "5"]
[White "Hinrichs, Jan"]
[Black "Bauschmann, Christoph"]
[Result "1-0"]
[Termination "normal"]
[Board "2.5"]
[WhiteElo "2076"]
[BlackElo "1896"]
[WhiteTeam "Hamburger SK"]
[BlackTeam "Stader SV"]
[WhiteFideId "12907294"]
[BlackFideId "24603414"]
[EventCountry "GER"]
[EventRounds "7"]
[EventType "team-swiss"]
[EventDate "2013.12.26"]

1. d4 d5 2. c4 e6 3. Nf3 Nf6 4. g3 dxc4 5. Bg2 a6 6. Ne5 Nbd7 7. Nxc4 Be7 8.
O-O O-O 9. e4 c6 10. Ne3 b5 11. f4 Bb7 12. g4 Nb6 13. g5 Ne8 14. h4 c5 15. d5
Nc7 16. f5 exd5 17. e5 c4 18. Qh5 Bc5 19. e6 fxe6 20. Kh1 Qe8 21. g6 h6 22. f6
Rxf6 23. Rxf6 gxf6 24. Ng4 Qe7 25. Nxh6+ Kf8 26. Nf5 1-0

[Event "DVM U20 2013"]
[Site "Osnabrück GER"]
[Date "2013.12.29"]
[Round "5"]
[White "Schwarz, Nico"]
[Black "Hinrichs, Lars"]
[Result "1-0"]
[Termination "normal"]
[Board "2.6"]
[WhiteElo "1770"]
[BlackElo "2023"]
[WhiteTeam "Stader SV"]
[BlackTeam "Hamburger SK"]
[WhiteFideId "12910333"]
[BlackFideId "12921769"]
[EventCountry "GER"]
[EventRounds "7"]
[EventType "team-swiss"]
[EventDate "2013.12.26"]

1. e4 c5 2. Nf3 Nf6 3. Nc3 d5 4. exd5 Nxd5 5. Bc4 e6 6. O-O Be7 7. Re1 Nc6 8.
d3 Nxc3 9. bxc3 Bf6 10. Bb2 O-O 11. d4 Qc7 12. Qe2 Ne7 13. Rad1 b6 14. Ne5 Ng6
15. Ng4 Be7 16. Ne3 Bb7 17. d5 Nf4 18. Qg4 Bxd5 19. Bxd5 Nxd5 20. Rxd5 exd5 21.
Nxd5 Qd8 22. c4 Bg5 23. Ne7+ Kh8 24. Bxg7+ Kxg7 25. Qxg5+ Kh8 1-0

[Event "DVM U20 2013"]
[Site "Osnabrück GER"]
[Date "2013.12.29"]
[Round "5"]
[White "Kremser, Michael"]
[Black "Carow, Johannes"]
[Result "0-1"]
[Termination "normal"]
[Board "3.1"]
[BlackTitle "FM"]
[WhiteElo "2001"]
[BlackElo "2399"]
[WhiteTeam "SG Porz"]
[BlackTeam "Sfr.Heidesheim"]
[WhiteFideId "1270131"]
[BlackFideId "24692050"]
[EventCountry "GER"]
[EventRounds "7"]
[EventType "team-swiss"]
[EventDate "2013.12.26"]

1. d4 Nf6 2. Nf3 c5 3. e3 d5 4. c3 e6 5. Nbd2 Bd6 6. Bd3 Nbd7 7. O-O O-O 8. Re1
Qc7 9. e4 cxd4 10. cxd4 dxe4 11. Nxe4 Nxe4 12. Bxe4 Nf6 13. Bd3 Rd8 14. Bg5 Be7
15. Rc1 Qb6 16. Qc2 h6 17. Bh4 Bd7 18. Qc7 Qxb2 19. Rb1 Qxa2 20. Qxb7 a5 21.
Ne5 Qd5 22. Bxf6 Bxf6 23. Be4 Qxb7 24. Rxb7 Be8 25. Nc6 Bxc6 26. Bxc6 Bxd4 27.
Rd7 Rxd7 28. Bxa8 a4 29. Be4 a3 30. Bb1 Rb7 31. Be4 Rb2 32. Rb1 a2 33. Rxb2
Bxb2 0-1

[Event "DVM U20 2013"]
[Site "Osnabrück GER"]
[Date "2013.12.29"]
[Round "5"]
[White "Carow, Annelen"]
[Black "Pauly, Carlo"]
[Result "1/2-1/2"]
[Termination "normal"]
[Board "3.2"]
[WhiteElo "2044"]
[BlackElo "2100"]
[WhiteTeam "Sfr.Heidesheim"]
[BlackTeam "SG Porz"]
[WhiteFideId "24692492"]
[BlackFideId "24673269"]
[EventCountry "GER"]
[EventRounds "7"]
[EventType "team-swiss"]
[EventDate "2013.12.26"]

1. d4 Nf6 2. c4 g6 3. Nc3 Bg7 4. e4 O-O 5. Be3 Nc6 6. f3 e5 7. Nge2 Nh5 8. dxe5
Nxe5 9. Ng3 Nf6 10. Be2 d6 11. Qd2 Bd7 12. O-O a6 13. Bg5 Qb8 14. f4 Nc6 15. e5
Ne8 16. exd6 Nxd6 17. c5 Qa7 18. Nce4 f6 19. Bh4 Nxe4 20. Nxe4 Rad8 21. Qc3
Rde8 22. Bc4+ Kh8 23. Bd5 Ne7 24. Bb3 Ng8 25. Nd2 f5 26. Qh3 Qxc5+ 27. Kh1 Qb4
28. Nc4 Bb5 29. a3 Qc5 30. Bf2 Qc6 31. Rac1 Bxc4 32. Rxc4 Qd7 33. Rd1 Qe7 34.
Rc2 Rd8 35. Rdc1 c6 36. Bc5 Qd7 37. Qf3 Rfe8 38. Bb6 Rc8 39. Rd1 Qe7 40. Qf2
Nf6 41. h3 Ne4 42. Qf3 h6 43. Qd3 Kh7 44. Qd7 Nf6 45. Qd2 Ne4 46. Qd7 Nf6
1/2-1/2